000
00275nam a2200121Ia 4500
008
220204s9999 xx 000 0 und d
082
_a
339.1
_b
WIL
100
_a
WILLIAMS, Treharne D
245
0
_a
Commerce
250
_a
Ed.4
260
_a
London
_b
Longman
_c
1956
942
_c
BK
999
_c
24866
_d
24866